| 000 | 00706nam a2200205 i 4500 | ||
|---|---|---|---|
| 001 | bg | ||
| 245 | 0 | 0 | _aJubileusz 20-lecia Zakładu Elektroenergetycznej Automatyki Zabezpieczeniowej Instytutu Elektroenergetyki PW. |
| 260 |
_aWarszawa : _bOficyna Wydawnicza PW, _c2000. |
||
| 300 |
_a290 s. : _brys. ; _c24 cm. |
||
| 490 | 1 |
_aPrace Naukowe / Politechnika Warszawska. Elektryka, _x0137-2319 ; _vz.113 |
|
| 500 | _aOpis wg okł. | ||
| 504 | _aBibliogr. przy pracach. | ||
| 650 | 9 |
_aElektroenergetyka _xzagadnienia |
|
| 830 | 0 |
_aPrace Naukowe (Politechnika Warszawska). _pElektryka |
|
| 040 | _cBPK | ||
| 041 | 0 |
_apl _ben |
|
| 080 | _a621.31 | ||
| 942 | _cKS | ||
| 008 | s pl f |000 0 pol | ||
| 999 |
_c39108 _d39108 |
||
| 856 |
_uhttp://koha.tu.koszalin.pl/cgi-bin/koha/opac-detail.pl?biblionumber=39108 _yKatalog online BPK |
||